Sports injuries handbook (Record no. 38174)
[ view plain ]
| 000 -LEADER | |
|---|---|
| fixed length control field | 00444nam a2200169Ia 4500 |
| 001 - CONTROL NUMBER | |
| control field | 38853 |
| 008 - FIXED-LENGTH DATA ELEMENTS--GENERAL INFORMATION | |
| fixed length control field | 140423s9999 xx 000 0 und d |
| 020 ## - INTERNATIONAL STANDARD BOOK NUMBER | |
| International Standard Book Number | 1405077654 |
| 040 ## - CATALOGING SOURCE | |
| Transcribing agency | PK-LaUMT |
| 082 ## - DEWEY DECIMAL CLASSIFICATION NUMBER | |
| Classification number | 613.1027081 |
| Item number | SPO- |
| 100 ## - MAIN ENTRY--PERSONAL NAME | |
| Personal name | Kita, Joe |
| 245 ## - TITLE STATEMENT | |
| Title | Sports injuries handbook |
| Remainder of title | secrets from men's health magazine |
| Statement of responsibility, etc | Kita, Joe |
| 260 ## - PUBLICATION, DISTRIBUTION, ETC. (IMPRINT) | |
| Place of publication, distribution, etc | London,UK: |
| Name of publisher, distributor, etc | Readers International, |
| Date of publication, distribution, etc | 2005 |
| 300 ## - PHYSICAL DESCRIPTION | |
| Extent | 96 p. |
| 546 ## - LANGUAGE NOTE | |
| Language note | EN |
| 942 ## - ADDED ENTRY ELEMENTS (KOHA) | |
| Koha item type | Books |
| Withdrawn status | Lost status | Damaged status | Not for loan | Home library | Current library | Date acquired | Total Checkouts | Full call number | Barcode | Date last seen | Price effective from | Koha item type |
|---|---|---|---|---|---|---|---|---|---|---|---|---|
| UMT Main Campus | UMT Main Campus | 2014-04-23 | 613.1027081 SPO- | 41637 | 2014-05-05 | 2014-05-05 | Books |
